Leasingové spoločnosti v SR podľa hlavných ukazovateľov

Leasingové spoločnosti v SR podľa hlavných ukazovateľov - objem obchodov (bez DPH), objem financovania, tržby, výška aktív, zisk, základné imanie, počet pracovníkov, štruktúra leasingu podľa typu zariadenia, uzatvorené leasingové zmluvy.

Guardado en:
Detalles Bibliográficos
Autor principal: Matloň, Igor
Otros Autores: Orgoňová, V.
Formato: Capítulo de libro
Lenguaje:eslovaco
Materias:
Etiquetas: Agregar Etiqueta
Sin Etiquetas, Sea el primero en etiquetar este registro!

MARC

LEADER 00000naa a2200000 4500
001 r026447
005 20230921081316.9
041 0 |a slo 
044 |a SK 
245 1 0 |a Leasingové spoločnosti v SR podľa hlavných ukazovateľov  |c Igor Matloň, V. Orgoňová 
520 |a Leasingové spoločnosti v SR podľa hlavných ukazovateľov - objem obchodov (bez DPH), objem financovania, tržby, výška aktív, zisk, základné imanie, počet pracovníkov, štruktúra leasingu podľa typu zariadenia, uzatvorené leasingové zmluvy. 
610 2 0 |a lízing 
610 2 0 |a spoločnosti lízingové 
610 2 0 |a financovanie 
610 2 0 |a tržby 
610 2 0 |a aktíva 
610 2 0 |a zisk 
610 2 0 |a majetok kmeňový 
610 2 0 |a počet pracovníkov 
610 2 0 |a automobily 
610 2 0 |a zariadenia výrobné 
610 2 0 |a technika kancelárska 
610 2 0 |a technika výpočtová 
610 2 0 |a zmluvy 
610 2 0 |a Slovensko 
100 1 |a Matloň, Igor 
700 1 |a Orgoňová, V.